[Event "Moscow op (Women) 17th"]
[Site "Moscow"]
[Date "2021.02.24"]
[Round "5"]
[White "Laukhina, Margarita A"]
[Black "Kvachko, Anastasiya"]
[Result "1-0"]
[WhiteElo "1761"]
[BlackElo "1882"]
[PlyCount "69"]
[EventDate "2021.02.20"]
[EventType "swiss"]
[EventRounds "9"]
[EventCountry "RUS"]
[SourceTitle "CBM 200 Extra"]
[Source "ChessBase"]
[SourceDate "2021.03.31"]
[SourceVersion "1"]
[SourceVersionDate "2021.03.31"]
[SourceQuality "1"]

1. Nf3 e6 2. c4 d5 3. d4 Nf6 4. Nc3 Be7 5. Bf4 0-0 6. e3 b6 7. cxd5 Nxd5 8. Nxd5 Qxd5 9. Bd3 Bb4+ 10. Kf1 c6 11. Qc2 h6 12. Be4 Qb5+ 13. Kg1 Bb7 14. Ne5 Be7 15. h4 Bf6 16. Nc4 Nd7 17. Nd6 Qa6 18. Nxb7 Qxb7 19. Qxc6 Qxc6 20. Bxc6 e5 21. Bxa8 Rxa8 22. dxe5 Nxe5 23. Bxe5 Bxe5 24. Rb1 Rc8 25. a4 Rc4 26. b3 Rc3 27. g3 a5 28. Kg2 Rc2 29. Rhc1 Rxc1 30. Rxc1 Bd6 31. Rc6 Bc5 32. Kf3 Kf8 33. Ke4 Ke7 34. Kd5 Kd7 35. Rxc5 1-0

[Event "Orsha blitz op"]
[Site "Orsha"]
[Date "2018.02.03"]
[Round "1"]
[White "Kovalev, Vladislav"]
[Black "Kvachko, Anastasiya"]
[Result "1-0"]
[WhiteElo "2549"]
[BlackElo "1803"]
[PlyCount "57"]
[EventDate "2018.02.03"]
[EventType "swiss (blitz)"]
[EventRounds "9"]
[EventCountry "BLR"]
[SourceTitle "CBM 182 Extra"]
[Source "ChessBase"]
[SourceDate "2018.02.23"]
[SourceVersion "1"]
[SourceVersionDate "2018.02.23"]
[SourceQuality "1"]

1. d4 e6 2. e4 d5 3. Nd2 c5 4. Ngf3 cxd4 5. Nxd4 Bc5 6. N2b3 Bb6 7. Bb5+ Bd7 8. exd5 exd5 9. 0-0 Ne7 10. Re1 0-0 11. Bg5 Re8 12. Bxd7 Qxd7 13. Bxe7 Rxe7 14. Rxe7 Qxe7 15. Nf5 Qf6 16. Qxd5 Nc6 17. c3 Rd8 18. Qe4 g6 19. Ne3 Qe6 20. Qxe6 fxe6 21. Rd1 Rxd1+ 22. Nxd1 Ne5 23. Kf1 Kf7 24. Ke2 Kf6 25. Nd2 Nd7 26. Ne3 Bxe3 27. Kxe3 Nc5 28. Ne4+ Nxe4 29. Kxe4 1-0

[Event "Chigorin Memorial 24th"]
[Site "St Petersburg"]
[Date "2016.10.16"]
[Round "2"]
[White "Ufimtsev, Egor"]
[Black "Kvachko, Anastasiya"]
[Result "1-0"]
[WhiteElo "2088"]
[BlackElo "1780"]
[PlyCount "131"]
[EventDate "2016.10.15"]
[EventType "swiss"]
[EventRounds "9"]
[EventCountry "RUS"]
[SourceTitle "CBM 175 Extra"]
[Source "ChessBase"]
[SourceDate "2016.12.12"]
[SourceVersion "1"]
[SourceVersionDate "2016.12.12"]
[SourceQuality "1"]

1. e4 c6 2. d4 d5 3. Nc3 dxe4 4. Nxe4 Nd7 5. Nf3 Ngf6 6. Nxf6+ Nxf6 7. Bd3 Bg4 8. c3 e6 9. h3 Bh5 10. Bf4 Be7 11. g4 Bg6 12. Ne5 Qd5 13. Rg1 Bxd3 14. Qxd3 Qe4+ 15. Qxe4 Nxe4 16. Ke2 0-0 17. Kf3 Ng5+ 18. Bxg5 Bxg5 19. Ke4 f5+ 20. gxf5 Rxf5 21. Rg2 Rf4+ 22. Kd3 h6 23. Kc4 Kh7 24. Nd3 Rh4 25. Nc5 e5 26. Nxb7 exd4 27. cxd4 Rb8 28. Na5 Rxb2 29. Nxc6 Bf6 30. a4 a6 31. Rd1 Rc2+ 32. Kd5 Rxh3 33. Kd6 Ra3 34. a5 Raa2 35. d5 h5 36. Nb4 Rd2 37. Rxd2 Rxd2 38. Kc6 Bc3 39. Nxa6 Bxa5 40. d6 Rc2+ 41. Kd5 Bb6 42. d7 Rd2+ 43. Ke6 Bd8 44. Nc5 Re2+ 45. Kf7 Re7+ 46. Kf8 g6 47. f4 h4 48. Rd2 Re3 49. Nb7 Bc7 50. d8Q Bxd8 51. Nxd8 Re4 52. Rf2 Kh6 53. Kf7 Kh5 54. Ne6 h3 55. Ng5 Re3 56. Rh2 Kg4 57. Nxh3 Kg3 58. Rh1 Kg2 59. Rg1+ Kxh3 60. Kxg6 Re8 61. Kf7 Re4 62. f5 Rf4 63. f6 Kh2 64. Rg6 Ra4 65. Kg7 Ra7+ 66. f7 1-0

[Event "Samara Polugaevsky Memorial 6th"]
[Site "Samara"]
[Date "2016.07.07"]
[Round "5"]
[White "Kvachko, Anastasiya"]
[Black "Murzin, Volodar"]
[Result "0-1"]
[WhiteElo "1829"]
[BlackElo "2077"]
[PlyCount "66"]
[EventDate "2016.07.03"]
[EventType "swiss"]
[EventRounds "9"]
[EventCountry "RUS"]
[SourceTitle "EXT 2019"]
[Source "ChessBase"]
[SourceDate "2018.10.10"]
[SourceVersion "1"]
[SourceVersionDate "2018.10.10"]
[SourceQuality "1"]

1. e4 c5 2. c3 d6 3. d4 Nc6 4. dxc5 dxc5 5. Qxd8+ Kxd8 6. Be3 b6 7. Na3 Kc7 8. Bb5 a6 9. Bf4+ Kb7 10. Bxc6+ Kxc6 11. Nc4 f6 12. Nf3 Be6 13. Ne3 h5 14. h4 Nh6 15. c4 Ng4 16. Nd5 Bf7 17. 0-0 e6 18. Nc3 e5 19. Bd2 Bxc4 20. Rfc1 Rd8 21. b3 Be6 22. Rc2 c4 23. bxc4 Bc5 24. Nd1 Rd3 25. Rb1 Rhd8 26. Rb3 Kc7 27. Kf1 Nh2+ 28. Ke2 Nxf3 29. gxf3 Bxc4 30. Rxc4 Rxd2+ 31. Kf1 Rxd1+ 32. Kg2 R8d2 33. Kg3 Rxa2 0-1

[Event "RUS-chT U18"]
[Site "St Petersburg"]
[Date "2015.08.05"]
[Round "5.28"]
[White "Protopopova, Anastasiya"]
[Black "Kvachko, Anastasiya"]
[Result "1/2-1/2"]
[WhiteElo "2177"]
[BlackElo "1703"]
[PlyCount "133"]
[EventDate "2015.08.01"]
[EventType "team-swiss"]
[EventRounds "9"]
[EventCountry "RUS"]
[SourceTitle "CBM 167 Extra"]
[Source "ChessBase"]
[SourceDate "2015.09.14"]
[SourceVersion "1"]
[SourceVersionDate "2015.09.14"]
[SourceQuality "1"]
[WhiteTeam "Saratov Gbudo"]
[BlackTeam "Kaliningrad SV"]
[WhiteTeamCountry "RUS"]
[BlackTeamCountry "RUS"]

1. Nf3 Nf6 2. c4 g6 3. Nc3 d5 4. Qa4+ Bd7 5. Qb3 dxc4 6. Qxc4 a6 7. d4 b5 8. Qd3 Bg7 9. g3 Bc6 10. a3 0-0 11. Bg2 Nd5 12. 0-0 Nd7 13. Bd2 N7b6 14. Nxd5 Bxd5 15. b4 Rc8 16. Bc3 Na4 17. Rac1 Nxc3 18. Qxc3 Bxf3 19. Qxf3 Qxd4 20. Rfd1 Qa7 21. Rd7 e6 22. Qf4 Bb2 23. Rc2 Ba1 24. Bh3 Qb6 25. Qc1 Bd4 26. e3 Be5 27. Rc6 Qb7 28. Qc5 Rcd8 29. Rxd8 Rxd8 30. Bg4 Rd5 31. Qc2 Bd6 32. Bf3 Rf5 33. Be4 Re5 34. f4 Rxe4 35. Qxe4 Qa7 36. Qd3 Qb7 37. Rc2 Qf3 38. Rf2 Qc6 39. e4 Be7 40. Rc2 Qb6+ 41. Kg2 Bd6 42. e5 Be7 43. Qf3 c5 44. bxc5 Bxc5 45. Qc3 Qb7+ 46. Kh3 Bf8 47. Qd3 Kg7 48. Rc3 a5 49. Qc2 b4 50. axb4 axb4 51. Rc7 Qf3 52. Qc4 Qh5+ 53. Kg2 Qf5 54. Rb7 h5 55. Rb8 h4 56. Qc8 Qe4+ 57. Kh3 Qf5+ 58. g4 Qd3+ 59. Kxh4 g5+ 60. fxg5 Qh7+ 61. Kg3 Qd3+ 62. Kf2 Qd2+ 63. Kg3 Qd3+ 64. Kg2 Qe2+ 65. Kh3 Qf3+ 66. Kh4 Qf2+ 67. Kh3 1/2-1/2

[Event "RUS-chT U20"]
[Site "Kolomna"]
[Date "2014.08.09"]
[Round "8"]
[White "Kvachko, Anastasiya"]
[Black "Baiburina, Kamilla"]
[Result "1/2-1/2"]
[WhiteElo "1674"]
[BlackElo "1721"]
[PlyCount "142"]
[EventDate "2014.08.02"]
[EventType "swiss"]
[EventRounds "9"]
[EventCountry "RUS"]
[SourceTitle "EXT 2016"]
[Source "ChessBase"]
[SourceDate "2015.10.08"]
[SourceVersion "1"]
[SourceVersionDate "2015.10.08"]
[SourceQuality "1"]

1. e4 e5 2. Nf3 Nc6 3. Bc4 Bc5 4. c3 Nf6 5. d4 exd4 6. cxd4 Bb4+ 7. Bd2 Bxd2+ 8. Nbxd2 0-0 9. e5 d5 10. Be2 Ne4 11. 0-0 Bg4 12. Nb3 f5 13. Nfd2 Bxe2 14. Qxe2 a5 15. a4 Nb4 16. f3 Ng5 17. Nb1 Ne6 18. Qd2 f4 19. Nc3 Qg5 20. Nb5 Qg6 21. Rac1 Rf7 22. Nxa5 Rxa5 23. Qxb4 Ra8 24. Qb3 Rd7 25. Rfd1 h5 26. Rd2 h4 27. h3 Rf8 28. Qc2 Qg5 29. Rdd1 Rff7 30. Kh1 g6 31. Re1 Rfe7 32. Nc3 Nxd4 33. Qd3 c5 34. b4 Nb3 35. Nxd5 Nxc1 36. Nxe7+ Rxe7 37. Qc4+ Kg7 38. e6 cxb4 39. Rxc1 Qe5 40. Qxb4 Rxe6 41. Qxb7+ Re7 42. Qb5 Qe3 43. Qc4 Kh6 44. a5 Qd2 45. Qc2 Qxa5 46. Qd1 Qe5 47. Kg1 Qe3+ 48. Kf1 Qe5 49. Rc2 Qb5+ 50. Re2 Rd7 51. Qc1 Qa4 52. Rc2 Rd4 53. Kf2 Qa7 54. Kf1 Qa6+ 55. Kf2 Qd3 56. Ke1 Qf5 57. Kf2 Qg5 58. Rc5 Qd8 59. Ke1 Qe7+ 60. Kf1 Qd6 61. Ke1 Rd1+ 62. Qxd1 Qxc5 63. Kf1 Qe3 64. Qe2 Kg5 65. Qb5+ Kf6 66. Qc6+ Qe6 67. Qxe6+ Kxe6 68. Ke2 Ke5 69. Kd3 Kd5 70. Kc3 Kc5 71. Kd3 Kd5 1/2-1/2

[Event "RUS-chT U20"]
[Site "Kolomna"]
[Date "2014.08.04"]
[Round "3"]
[White "Diakonova, Ekaterina"]
[Black "Kvachko, Anastasiya"]
[Result "1-0"]
[WhiteElo "2067"]
[BlackElo "1674"]
[PlyCount "35"]
[EventDate "2014.08.02"]
[EventType "swiss"]
[EventRounds "9"]
[EventCountry "RUS"]
[SourceTitle "EXT 2016"]
[Source "ChessBase"]
[SourceDate "2015.10.08"]
[SourceVersion "1"]
[SourceVersionDate "2015.10.08"]
[SourceQuality "1"]

1. e4 e6 2. d4 d5 3. e5 c5 4. c3 Qb6 5. Nf3 Bd7 6. a3 Bb5 7. c4 Bxc4 8. Bxc4 dxc4 9. d5 Qd8 10. d6 Nc6 11. Nbd2 Nh6 12. Ne4 Nf5 13. Bg5 f6 14. exf6 Qa5+ 15. Bd2 Qb5 16. d7+ Kxd7 17. fxg7 Bxg7 18. a4 1-0

[Event "RUS-chT U20"]
[Site "Kolomna"]
[Date "2014.08.02"]
[Round "1"]
[White "Kisteneva, Liza"]
[Black "Kvachko, Anastasiya"]
[Result "1-0"]
[WhiteElo "2011"]
[BlackElo "1674"]
[PlyCount "81"]
[EventDate "2014.08.02"]
[EventType "swiss"]
[EventRounds "9"]
[EventCountry "RUS"]
[SourceTitle "EXT 2016"]
[Source "ChessBase"]
[SourceDate "2015.10.08"]
[SourceVersion "1"]
[SourceVersionDate "2015.10.08"]
[SourceQuality "1"]

1. e4 e6 2. d4 d5 3. Nc3 Nf6 4. e5 Nfd7 5. Nf3 c5 6. dxc5 Bxc5 7. Bd3 Nc6 8. Bf4 Qb6 9. Qd2 Qxb2 10. Rb1 Qa3 11. Nb5 Qxa2 12. 0-0 Bb4 13. Rxb4 Qa5 14. Rbb1 Qxd2 15. Bxd2 Ke7 16. Nd6 b6 17. Bf4 h6 18. h4 f6 19. Rfe1 fxe5 20. Nxe5 Ndxe5 21. Bxe5 Nxe5 22. Nxc8+ Raxc8 23. Rxe5 Kf6 24. Rbe1 Rc6 25. f4 Rd6 26. f5 Re8 27. Bb5 Re7 28. h5 a5 29. Kf2 Kf7 30. Kf3 Kf6 31. Kf4 Kf7 32. R1e3 Kf6 33. g4 d4 34. R3e4 Kf7 35. fxe6+ Kf8 36. Kf5 Rd8 37. Bd7 Ra8 38. Rxd4 Rb8 39. Rf4 Kg8 40. Kg6 b5 41. Rf7 1-0

[Event "EU-ch U12 Girls 23rd"]
[Site "Budva"]
[Date "2013.09.30"]
[Round "2"]
[White "Goltseva, Ekaterina"]
[Black "Kvachko, Anastasiya"]
[Result "1-0"]
[WhiteElo "1787"]
[BlackElo "1632"]
[PlyCount "85"]
[EventDate "2013.09.29"]
[EventType "swiss"]
[EventRounds "9"]
[EventCountry "MNE"]
[SourceTitle "EXT 2014"]
[Source "ChessBase"]
[SourceDate "2013.11.20"]
[SourceVersion "1"]
[SourceVersionDate "2013.11.20"]
[SourceQuality "1"]

1. d4 Nf6 2. c4 g6 3. Nc3 d5 4. cxd5 Nxd5 5. e4 Nxc3 6. bxc3 Bg7 7. Qa4+ Nd7 8. Qa3 0-0 9. Bg5 Nf6 10. e5 Nd5 11. c4 h6 12. Bd2 Nb6 13. Bc3 Bf5 14. Nf3 Bg4 15. Nd2 Bf5 16. Be2 Qd7 17. 0-0 Rfd8 18. f4 Na4 19. Nf3 Bg4 20. Rad1 Nxc3 21. Qxc3 Qc8 22. h3 Bd7 23. Qe3 e6 24. g4 b6 25. Nh4 Ba4 26. Rd2 c5 27. d5 exd5 28. cxd5 c4 29. Rc1 Bf8 30. d6 Bb5 31. a4 Ba6 32. Bf3 Rb8 33. Bd5 Qd7 34. Nxg6 Kg7 35. Nxf8 Rxf8 36. Qd4 Kg8 37. f5 Qxa4 38. g5 Qb5 39. Qg4 Qc5+ 40. Kh2 Kh7 41. g6+ Kg7 42. f6+ Kh8 43. g7+ 1-0